Sports Quiz

Random Sports or NCAA Quiz

Xavier Musketeers 2010-11 Roster Quiz Stats

Quiz not verified by Sporcle

Score 0/22 Timer 04:00
0 Plays Today
Roster Name % Correct
#52 JR GuardTu Holloway
94.2%
#32 JR CenterKenny Frease
88.5%
#10 RS SO GuardMark Lyons
86.5%
Head CoachChris Mack
86.5%
#25 SR GuardDante Jackson
78.8%
#21 SO ForwardJeff Robinson
76.9%
#12 JR GuardBrad Redford
71.2%
#22 RS SR ForwardJamel McLean
69.2%
#15 RS SR ForwardAndrew Taylor
67.3%
# JR ForwardTravis Taylor
67.3%
#44 FR ForwardGriffin McKenzie
65.4%
Roster Name % Correct
#2 FR ForwardJordan Latham
59.6%
#20 FR ForwardJustin Martin
59.6%
#11 FR Forward/GuardJay Canty
57.7%
#33 SR ForwardJoe Hughes
50%
#13 SR GuardKevin Feeney
44.2%
#14 SR GuardJohnny Mazza
40.4%
Associate Head CoachPat Kelsey
36.5%
Assistant CoachTravis Steele
34.6%
Assistant CoachRasheen Davis
32.7%
Director of Basketball AdministrationMario Mercurio
28.8%
Director of Basketball OperationsBrian Thornton
23.1%

You're not logged in!

Compare scores with friends on all Sporcle quizzes.
Sign Up with Email
OR
Log In

You Might Also Like...

Show Comments

Extras

Top Quizzes Today


Score Distribution

Your Account Isn't Verified!

In order to create a playlist on Sporcle, you need to verify the email address you used during registration. Go to your Sporcle Settings to finish the process.

Report this User

Report this user for behavior that violates our Community Guidelines.

Details: